İlginç bilimsel bilgiler (Record no. 15580)

MARC details
000 -BAŞLIK
Sabit Uzunluktaki Kontrol Alanı 00495nam a22001937a 4500
003 - KONTROL NUMARASI KİMLİĞİ
Kontrol Alanı koha_MIRAKIL
005 - EN SON İŞLEM TARİHİ ve ZAMANI
Kontrol Alanı 20231213100150.0
008 - SABİT UZUNLUKTAKİ VERİ ÖGELERİ - GENEL BİLGİ
Sabit Alan 231213b |||||||| |||| 00| 0 ||| d
020 ## - ISBN - ULUSLARARASI STANDART KİTAP NUMARASI
-- 978-9-75403914-6
040 ## - KATALOGLAMA KAYNAĞI
Özgün Kataloglama Kurumu TR-IsEVY
Kataloglama Dili tur
Çeviri Kurumu TR-IsEVY
082 ## - DEWEY ONU SINIFLAMA SİSTEMİ
Sınıflama Numarası 530 GOR/İ
100 ## - KİŞİ ADI
Yazar Adı (Kişi adı) Gore, Bryson.
245 #0 - ESER ADI BİLDİRİMİ
Başlık İlginç bilimsel bilgiler
Alt Eseradı vb. fizik kuvvet ve enerji
260 ## - YAYIN, DAĞITIM, VB.
Yayınevi TÜBİTAK,
Yayın Tarihi 2014
300 ## - FİZİKSEL TANIMLAMA
Sayfa, Cilt vb. 32 s.
650 ## - KONU BAŞLIĞI EK GİRİŞ - KONU TERİMİ
Konusal terim veya coğrafi ad Fizik.
650 ## - KONU BAŞLIĞI EK GİRİŞ - KONU TERİMİ
Konusal terim veya coğrafi ad Force and energy.
942 ## - EK GİRİŞ ÖGELERİ (KOHA)
Source of classification or shelving scheme Dewey Decimal Classification
Koha item type Kitap
Holdings
Kayıp Durumu Sınıflandırma Kaynağı Hasarlı Durumu Koleksiyon Kodu Kalıcı Konum Mevcut Konum Kayıt Tarih Edinim Kaynağı Toplam Ödünçverme Yer Numarası Demirbaş Numarası Son Görülme Tarihi Son Kontrol Tarihi Fatura Tarihi Materyal Türü
  Dewey Decimal Classification   İlkokul İLKOKUL KÜTÜPHANESİ İLKOKUL KÜTÜPHANESİ 25/08/2016 Satınalma 2 530 GOR/İ 16267 27/05/2024 08/05/2024 05/02/2019 Kitap